000 00539nam a2200181Ia 4500
005 20250326123442.0
008 250326s9999 xx 000 0 und d
037 _aTextbook
040 _aFMSL
_beng
_cFMSL
041 _aeng
_2eng
084 _aX.44 P6
_qFMSL
100 _aTendulkar S D
_9379926
245 0 _aIndia : industrialisation in a reforming economy
_cTendulkar S D And Others
260 _aNew Delhi
_bNew Delhi, Academic Foundation
_c2006
300 _a636p
942 _cTB
_hX.44 P6
999 _c1269423
_d1269423